|
|
|
|
| LEADER |
00000nam0a2200000 4500 |
| 001 |
373958 |
| 005 |
20231102012619.0 |
| 035 |
|
|
|a (RuTPU)RU\TPU\retro\31390
|
| 035 |
|
|
|a RU\TPU\book\306938
|
| 090 |
|
|
|a 373958
|
| 100 |
|
|
|a 20221216d1956 k y0rusy50 ca
|
| 101 |
0 |
|
|a rus
|
| 102 |
|
|
|a RU
|
| 105 |
|
|
|a af z 001zy
|
| 200 |
1 |
|
|a Некоторые структурные элементы южной окраины Иркутского амфитеатра
|f В. Н. Данилович
|g Иркутский горно-металлургический институт (ИрГМИ)
|
| 210 |
|
|
|a Иркутск
|d 1956
|
| 215 |
|
|
|a 47 с.
|c ил.
|
| 225 |
1 |
|
|a Труды Иркутского горно-металлургического института. Серия геологическая
|v Вып. 10
|
| 316 |
|
|
|5 63413507: ШкА/6171
|a На обложке дарственная надпись: "В библиотеку Томского Политехнич. Ин-та от автора. 9/VII 56"
|
| 320 |
|
|
|a Библиогр.: с. 46-47
|
| 606 |
1 |
|
|a Геология структурная
|2 stltpush
|3 (RuTPU)RU\TPU\subj\6122
|9 34080
|
| 610 |
1 |
|
|a дарственная надпись
|
| 610 |
1 |
|
|a дары автора
|
| 610 |
1 |
|
|a дары библиотеке
|
| 610 |
1 |
|
|a коллекция ТПУ
|
| 610 |
1 |
|
|a надвиговые структуры
|
| 610 |
1 |
|
|a региональный фон
|
| 610 |
1 |
|
|a характеристики
|
| 610 |
1 |
|
|a микроструктурные состояния
|
| 610 |
1 |
|
|a магматические проявления
|
| 610 |
1 |
|
|a разрывы
|
| 610 |
1 |
|
|a тектоника
|
| 675 |
|
|
|a 551.243
|v 3
|
| 700 |
|
1 |
|a Данилович
|b В. Н.
|
| 712 |
0 |
2 |
|a Иркутский горно-металлургический институт (ИрГМИ)
|c (1938-1960)
|2 stltpush
|3 (RuTPU)RU\TPU\col\11276
|
| 801 |
|
1 |
|a RU
|b 63413507
|c 20150204
|
| 801 |
|
2 |
|a RU
|b 63413507
|c 20221216
|g RCR
|
| 942 |
|
|
|c BK
|